| 000 | 00533nam a2200193Ia 4500 | ||
|---|---|---|---|
| 008 | 180207s9999 xx 000 0 und d | ||
| 020 | _a9780746091517 | ||
| 050 | _bD253 2007 | ||
| 100 | _aDavidson, Susanna | ||
| 245 | 4 | _aThe musicians of Breman / | |
| 245 | _cby Susanna Davidson ; illustrated by Mike Gordon and Carl Gordon. | ||
| 260 | _aLondon : | ||
| 260 | _bUsborne Publishing Ltd., | ||
| 260 | _c2007 | ||
| 300 | _a47 pages : | ||
| 300 | _bchiefly colored ; | ||
| 300 | _c20cm. | ||
| 440 | _aUsborne first reading. | ||
| 999 |
_c355721 _d355721 |
||